000 06165nkm0a2200673 4500
001 RU\NLR\BIBL_A\022642483
005 20251127234251.0
035 _a(NLR Aleph) 022642483
071 5 0 _a13
_93000
090 _a88899
_c88899
100 _a20251130 rusy50
101 0 _arus
102 _aRU
116 _adiybxx zz ae
135 _acrcn 024anaba
181 0 _ab4
_bxb2e
182 0 _an
200 1 _aОкрест. Макач-Кала
_iСело Кумтор-Кале
_eоткрытое письмо
203 _aИзображение
_bнеподвижное
_bдвухмерное
_bвизуальное
_cнепосредственное
210 _a[Москва]
_cКонтрагентство печати
_d[1926 или 1927]
_eМосква
_gТипо-лит. им. Дунаева
215 _a1 л.
_cглуб. печ.
_d8,9х14
300 _aЦенз. разрешение: Главлит № 78442
301 _aИзд. номер: № 13
325 _aКопия доступна в Электрон. б-ке РНБ
532 1 2 _aОкрестности Макач-Кала. Село Кумтор-Кале
540 1 _aОкрестности Макачкалы. Село Кумтор-Кале
540 1 _aОкрестности Макачкалы. Село Кумтор-Кала
540 1 _aОкрестности Макачкалы. Село Кумторкала
540 1 _aОкрестности Макачкалы. Село Кум-Торкале
540 1 _aОкрестности Макачкалы. Село Кум-Торкалэ
606 1 _aПочтовые открытки маркированные художественные
_yСССР
_z1917 - 1941
_2nlr_sh2
_3RU\NLR\AUTH\6601555037
606 1 _aФотографические открытки
_2nlr_sh2
_3RU\NLR\AUTH\661600135
610 1 _aВидовые открытки
617 _aСССР
_bДагестанская АССР
_dКумтор-Кале, село
686 0 _aЩ153(2)7-489
712 0 2 _aВсесоюзное контрагентство печати
_3RU\NLR\AUTH\885157
_4650
712 0 2 _aТипография им. Дунаева
_cМосква
_3RU\NLR\AUTH\8810047139
_4610
830 _a"Населённый пункт возник в 1916 году в связи со строительством железнодорожной станции Кумтор-Кале. По данным на 1929 год железнодорожная станция Кум-Торкале состояла из 18 хозяйств. В административном отношении входила в состав Кум-Торкалинского сельсовета Махачкалинского района": https://ru.wikipedia.org/wiki/Кумторкала_(станция) (15.10.2025). АЯ ОЭФ
830 _aКумторкала: https://www.google.ru/books/edition/РСФСР_административн/LEqqBA6-ESgC?hl=ru&gbpv=1&bsq=Кумторкала&dq=Кумторкала&printsec=frontcover (13.10.2025). АЯ ОЭФ
830 _aКумтор-Кале: https://www.google.ru/books/edition/Звери_СССР_и_прилежащ/aRvOEAAAQBAJ?hl=ru&gbpv=1&dq=Кумтор-Кале&pg=PA134&printsec=frontcover (13.10.2025). АЯ ОЭФ
830 _aКумтор-Кала: https://www.google.ru/books/edition/Сборник_трудов_Госуда/NrbIEAAAQBAJ?hl=ru&gbpv=1&dq=Кумтор-Кала&pg=PA204&printsec=frontcover (13.10.2025). АЯ ОЭФ
830 _aНадпись на фасаде станции - Кум-Торкале: https://putevodzvezda.ru/stanciya-kum-torkale/ (15.10.2025). АЯ ОЭФ
830 _a"В ноябре 1917 года частное предприятие Суворина было национализировано и на его основе создано Контрагентсов «Центропечать». 13 декабря 1921 года Коллегия Агитпропотдела ЦК РКП(б) постановила ликвидировать «Центропечать» ... в январе 1922 года была образована Центральная экспедиция советской и партийной печати (ЦЭП). Тогда же, в самом начале 1922 года, бывший железнодорожный отдел «Центропечати» был реформирован в "Контрагентство печати" Народного комиссариата почт и телеграфов, которое просуществовало до 1927 года. В 1927 году преобразовано в «Издательство Всесоюзного Контрагентства Печати»": https://ca-photoarchives.net/funds/734/ (10.10.2025). АЯ ОЭФ
830 _a"Всесоюзное Контрагентство печати Просуществовало в период с 1927 по 1930 год. В 1930 году преобразовано в "Союзпечать"": https://ca-photoarchives.net/funds/734/ (10.10.2025). АЯ ОЭФ
830 _aДатировка: вероятно, до появления Всесоюзного Контрагентства печати; с учетом поступления экз. в РНБ. АЯ ОЭФ
830 _aПоступление: Г.П.Б. 1927. (инв.67978). АЯ ОЭФ
852 0 0 _aNLR
_bЭ
_jОТ63/М360
_mинв.67978
856 0 _uhttps://vivaldi.nlr.ru/lo000072328/view
856 1 _uhttps://vivaldi.nlr.ru/lo000072328/cover
856 2 _uhttps://vivaldi.nlr.ru/lo000072328/text
901 _eИзографические материалы
942 _cVISUAL
945 _aРоссийская национальная библиотека
980 _aBV
980 _aNB
981 1 7 _a(17) Изографические материалы
_b(17) Открытки